00672nam a2200169 a 450000100100000000500170001000800410002702000180006804000250008610000200011124500930013124601170022426000770034130000210041850000420043970000210048100004258520201002040244.0140128s2013 dr ab 000 0 spa d a9789945009408 aDO-SdBNPbspacBNPHU1 aSantana, Rafael10aJuntas descentralizadas y empoderamiento comunitario /cRafael Santana, Martín Santos.1 aJuntas descentralizadas y empoderamiento comunitariobjornada escolar extendida: tiempo en cantidad y en calidad aConcepción de La Vega, República Dominicana :b[s.d.],c2013.fPolar a234 p. ;c21 cm. aIncluye datos biografícos del autor1 aSantos, Martín